000 01786cam a22003491i 4500
003 SA-RiAUC
005 20250113082740.0
008 250108s1991 su g b 00010 ara c
040 _aSA-RiIMS
_bara
_cSA-RiAUC
_erda
082 0 4 _a016.21
_qSA-RiAUC
090 _a016.21
_bا ب ن س
100 1 _aابن سلمان، مشهور بن حسن،
_d1380 هجري-
_eمؤلف.
245 1 0 _aمعجم المصنفات الواردة في فتح الباري /
_cمشهور بن حسن بن سلمان، أبو حذيفة رائد بن صبري.
250 _aالطبعة الأولى.
264 1 _aالرياض :
_bدار الهجرة للنشر والتوزيع،
_c1991
300 _a472 صفحة ؛
_c24 سم
336 _aنص
_btxt
_2rdacontent
_3كتاب
337 _aبدون وسيط
_bn
_2rdamedia
338 _aمجلد
_bnc
_2rdacarrier
650 7 _aالحديث
_vببليوجرافيات
_2aucsh
650 7 _aالإسلام
_vببليوجرافيات
_2aucsh
650 7 _aصحيح البخاري
_2aucsh
650 7 _aالحديث
_xالإسناد الصحيح
_2aucsh
700 1 _aابن أبي علفة، رائد بن صبري
_eمؤلف.
700 1 2 _aابن حجر العسقلاني، أحمد بن علي بن محمد،
_d773-852 هجري
700 1 2 _aالبخاري، محمد بن إسماعيل بن إبراهيم،
_d194-256 هجري
740 0 2 _aفتح الباري بشرح صحيح الإمام البخاري.
740 0 2 _aصحيح البخاري، المسمى، الجامع الصحيح المسند من حديث رسول الله وسننه وأيامه.
740 2 2 _aالجامع الصحيح المسند من حديث رسول الله وسننه وأيامه.
942 _2ddc
_cBOOK
_n0
949 _aSA-JeALM
_d250108
_umohamedma123
_n1
999 _c4683
_d4683